000 00425cam a2200169ua 4500
041 _aeng
_h
082 _a632.3
_bCHO/PL
100 _aChowdary, Sudhir .
245 _aPlant diseases:their causes and control /
_cChowdary sudhir.
_hTextual Documents
250 _a2 /
_b.
260 _aAllahabad :
_bKitabistan ,
_c1961.
300 _a99 ; .
504 _a
942 _cBK
999 _c8785
_d8785